[Event "Aimchess Rapid Div 1 W"]
[Site "chess.com INT"]
[Date "2023.07.10"]
[Round "1.1"]
[White "Abdusattorov, Nodirbek"]
[Black "So, Wesley"]
[Result "1/2-1/2"]
[WhiteTitle "GM"]
[BlackTitle "GM"]
[WhiteElo "2725"]
[BlackElo "2769"]
[WhiteFideId "14204118"]
[BlackFideId "5202213"]
[EventDate "2023.07.10"]
[EventType "k.o."]

1. d4 d5 2. Nf3 Nf6 3. Bg5 Ne4 4. Bh4 c5 5. e3 Nc6 6. Nbd2 Bg4 7. Be2 Nxd2 8.
Qxd2 cxd4 9. exd4 Qb6 10. c3 e6 11. O-O Bxf3 12. Bxf3 Be7 13. Bg3 O-O 14. Be2
Rad8 15. Bd3 Bd6 16. Bh4 Be7 17. Bxe7 Nxe7 18. Rae1 Rfe8 19. Re3 Qd6 20. Rfe1
Ng6 21. Bxg6 hxg6 22. Qe2 Qa6 23. Qxa6 bxa6 24. Kf1 Rb8 25. b3 a5 26. Ke2 a4 27.
Rb1 Rb6 28. Kd3 axb3 29. axb3 Reb8 30. Kc2 a5 31. h4 Kf8 32. Ree1 Ke7 33. Rb2
Rc8 34. Kd3 Rcb8 35. Kc2 Rc8 36. Kd3 Rcb8 37. Kc2 1/2-1/2

[Event "Aimchess Rapid Div 1 W"]
[Site "chess.com INT"]
[Date "2023.07.10"]
[Round "1.2"]
[White "So, Wesley"]
[Black "Abdusattorov, Nodirbek"]
[Result "1/2-1/2"]
[WhiteTitle "GM"]
[BlackTitle "GM"]
[WhiteElo "2769"]
[BlackElo "2725"]
[WhiteFideId "5202213"]
[BlackFideId "14204118"]
[EventDate "2023.07.10"]
[EventType "k.o."]

1. e4 e5 2. Nf3 Nc6 3. Bc4 Nf6 4. d3 Be7 5. O-O O-O 6. Re1 d6 7. a4 Be6 8. Nc3
Bxc4 9. dxc4 a5 10. h3 b6 11. Be3 Nb8 12. Nh2 Nbd7 13. Ng4 Qc8 14. Qf3 g6 15.
Bh6 Re8 16. Nd5 Nxd5 17. cxd5 Qd8 18. Ra3 Bf8 19. Rc3 Rc8 20. Be3 Qh4 21. Kh2
Bg7 22. g3 Qe7 23. Nh6+ Bxh6 24. Bxh6 Nc5 25. b3 f6 26. g4 c6 27. dxc6 Rxc6 28.
Be3 Rec8 29. Rd1 Ne6 30. Rxc6 Rxc6 31. c4 Nc5 32. Bxc5 bxc5 33. Rd3 Kg7 34. Qe3
Ra6 35. Qd2 Qe6 36. Kg3 Qe7 37. h4 Qe6 38. f3 Qe7 39. Kg2 Qe6 40. Kf2 h6 41. Ke2
g5 42. Kd1 Qe7 43. Kc2 Qe6 44. Qh2 Ra7 45. Rd1 Ra6 46. Rd5 Ra7 47. hxg5 fxg5 48.
Qh5 Rf7 49. Rd3 Rf6 50. Qh2 Qf7 51. Qh1 h5 52. gxh5 Kh6 53. Qd1 Qf8 54. Kb2 Qe7
55. Qd2 Qd8 56. Qh2 Qe8 57. Qd2 Qd8 58. Qd1 Qf8 59. Ka3 Qb8 60. Qh1 Qe8 61. Qh3
Qe6 62. Qg4 Qxg4 63. fxg4 Kg7 64. Kb2 Kf7 65. Kc3 Kg7 66. Kd2 Kf7 67. Ke2 Ke7
68. Rh3 Rf7 69. Ke3 Ke6 70. Rf3 Rxf3+ 71. Kxf3 Kf6 72. Ke3 Kg7 73. Kd3 Kf7 74.
Kc3 Kf6 75. Kd3 Kf7 76. Kc3 Kf6 77. Kd3 Kf7 1/2-1/2

[Event "Aimchess Rapid Div 1 W"]
[Site "chess.com INT"]
[Date "2023.07.10"]
[Round "1.3"]
[White "Abdusattorov, Nodirbek"]
[Black "So, Wesley"]
[Result "0-1"]
[WhiteTitle "GM"]
[BlackTitle "GM"]
[WhiteElo "2725"]
[BlackElo "2769"]
[WhiteFideId "14204118"]
[BlackFideId "5202213"]
[EventDate "2023.07.10"]
[EventType "k.o."]

1. d4 d5 2. Nf3 e6 3. c4 Nf6 4. g3 Be7 5. Bg2 O-O 6. O-O dxc4 7. Qc2 a6 8. a4
Bd7 9. Rd1 Bc6 10. Bg5 b5 11. Bxf6 Bxf6 12. Nc3 Qe8 13. h4 g6 14. h5 Nd7 15. h6
Nb6 16. a5 Nd5 17. Ne4 Be7 18. Ne5 Nb4 19. Qd2 Bxe4 20. Bxe4 Rd8 21. Qc1 f6 22.
Nf3 g5 23. b3 g4 24. Ne1 f5 25. Bg2 cxb3 26. Qb2 c5 27. dxc5 Bf6 28. Qxb3 Bxa1
29. Rxa1 Nd5 30. Nd3 Qg6 31. Bxd5 exd5 32. Nf4 Qxh6 33. Rd1 Qc6 34. Nxd5 Qe6 35.
c6 Kf7 36. c7 Rd7 37. Rd3 Rc8 38. Qd1 Rcxc7 39. Nxc7 Rxc7 40. Rd6 Rc1 41. Qxc1
Qxd6 42. Qc8 Kf6 43. e4 fxe4 44. Qxg4 Qe6 45. Qf4+ Kg6 46. Kh2 b4 47. Qb8 b3 48.
Qb4 h5 49. Qd4 Kf5 50. Qc5+ Kg4 51. Qe3 Qf5 52. Qb6 h4 53. gxh4 Qf4+ 54. Kg1 Qf7
55. Qxa6 b2 56. Qe2+ Qf3 57. Qc2 Kh3 0-1

[Event "Aimchess Rapid Div 1 W"]
[Site "chess.com INT"]
[Date "2023.07.10"]
[Round "1.4"]
[White "So, Wesley"]
[Black "Abdusattorov, Nodirbek"]
[Result "0-1"]
[WhiteTitle "GM"]
[BlackTitle "GM"]
[WhiteElo "2769"]
[BlackElo "2725"]
[WhiteFideId "5202213"]
[BlackFideId "14204118"]
[EventDate "2023.07.10"]
[EventType "k.o."]

1. d4 Nf6 2. c4 e6 3. Nc3 d5 4. cxd5 exd5 5. Bg5 c6 6. e3 Be7 7. Bd3 Nbd7 8.
Nge2 h6 9. Bh4 Nh5 10. Bxe7 Qxe7 11. O-O O-O 12. Qd2 Re8 13. Rae1 Nb6 14. Nc1
Nf6 15. f3 Nc4 16. Qf2 Qb4 17. Re2 a5 18. a3 Qf8 19. e4 Be6 20. e5 Nd7 21. Rfe1
b5 22. a4 b4 23. Nd1 c5 24. Nb3 Nxb2 25. Nxb2 c4 26. f4 cxd3 27. Nxd3 Bf5 28.
Ndc5 Nb6 29. Qf3 Rec8 30. g4 Be4 31. Qg3 f5 32. exf6 Qxf6 33. f5 Qc6 34. Ra1 Re8
35. h3 Ra7 36. Rc1 Nxa4 37. Nxa4 Qxa4 38. f6 Rf7 39. Rf2 Qb5 40. fxg7 Qb8 41.
Qxb8 Rxb8 42. Rxf7 Kxf7 43. Rc7+ Kg8 44. Nc5 b3 45. Nd7 Rb6 46. Nxb6 b2 47. Rc8+
Kxg7 48. Rc7+ Kg6 49. Rc6+ Kg5 0-1

[Event "Aimchess Rapid Div 1 W"]
[Site "chess.com INT"]
[Date "2023.07.10"]
[Round "1.5"]
[White "Abdusattorov, Nodirbek"]
[Black "So, Wesley"]
[Result "1-0"]
[WhiteTitle "GM"]
[BlackTitle "GM"]
[WhiteElo "2725"]
[BlackElo "2769"]
[WhiteFideId "14204118"]
[BlackFideId "5202213"]
[EventDate "2023.07.10"]
[EventType "k.o."]

1. d4 d5 2. Nf3 Nf6 3. Bg5 Ne4 4. Bh4 c5 5. e3 Nc6 6. Nbd2 Bg4 7. Be2 Nxd2 8.
Qxd2 cxd4 9. exd4 Qb6 10. O-O e6 11. c3 Be7 12. Bxe7 Nxe7 13. Ne5 Bxe2 14. Qxe2
Qc7 15. Rae1 O-O 16. h4 Ng6 17. Nf3 Qc4 18. Qc2 Qxa2 19. h5 Ne7 20. Ng5 g6 21.
hxg6 Nxg6 22. f4 Rae8 23. f5 exf5 24. Rxe8 Rxe8 25. Qxf5 Re7 26. Nxf7 Qxb2 27.
Qxd5 Qb6 28. Nh6+ Kh8 29. Qg8# 1-0

[Event "Aimchess Rapid Div 1 W"]
[Site "chess.com INT"]
[Date "2023.07.10"]
[Round "1.1"]
[White "Fedoseev, Vladimir3"]
[Black "Aronian, Levon"]
[Result "1/2-1/2"]
[WhiteTitle "GM"]
[BlackTitle "GM"]
[WhiteElo "2676"]
[BlackElo "2742"]
[WhiteFideId "24130737"]
[BlackFideId "13300474"]
[EventDate "2023.07.10"]
[EventType "k.o."]

1. e4 e5 2. Nf3 Nc6 3. Bb5 Nf6 4. d3 Bc5 5. c3 O-O 6. O-O Re8 7. Bg5 a6 8. Bxc6
dxc6 9. Bh4 Be7 10. Nxe5 Nxe4 11. Bxe7 Qxe7 12. Nxc6 bxc6 13. Re1 Bg4 14. Qxg4
Nxf2 15. Rxe7 Nxg4 16. Rxe8+ Rxe8 17. Nd2 Re2 18. Nc4 Ne3 19. Nxe3 Rxe3 20. d4
Re2 21. Rb1 f6 22. Kf1 Rc2 23. Re1 Rxb2 24. Re6 c5 25. Rxa6 cxd4 26. cxd4 h5 1/2-1/2

[Event "Aimchess Rapid Div 1 W"]
[Site "chess.com INT"]
[Date "2023.07.10"]
[Round "1.2"]
[White "Aronian, Levon"]
[Black "Fedoseev, Vladimir3"]
[Result "1-0"]
[WhiteTitle "GM"]
[BlackTitle "GM"]
[WhiteElo "2742"]
[BlackElo "2676"]
[WhiteFideId "13300474"]
[BlackFideId "24130737"]
[EventDate "2023.07.10"]
[EventType "k.o."]

1. e4 e5 2. Nf3 Nc6 3. Bc4 Bc5 4. d3 Nf6 5. O-O a6 6. c3 d6 7. Re1 Ba7 8. Nbd2
O-O 9. Nf1 Na5 10. Bb3 Nxb3 11. axb3 h6 12. Ng3 Re8 13. h3 Bd7 14. d4 Bc6 15. d5
Bd7 16. c4 Nh7 17. b4 Rf8 18. Qc2 Qf6 19. Ra3 c6 20. dxc6 bxc6 21. c5 Bb8 22.
Rd1 d5 23. b5 d4 24. b6 Qe7 25. b4 Bc8 26. Nd2 g6 27. Nc4 h5 28. Na5 Bd7 29. f3
Kh8 30. Nh1 f5 31. Nf2 g5 32. exf5 Bxf5 33. Qe2 Qe6 34. Re1 Qg6 35. g4 hxg4 36.
hxg4 Bd7 37. Kg2 Nf6 38. Rh1+ Kg8 39. Ne4 Nd5 40. Rh5 Rf5 41. Kg1 Nf4 42. Bxf4
gxf4 43. Rh4 Rf7 44. Qh2 Rg7 45. Rh6 Qf5 46. Rh8+ Kf7 47. Rxb8 Rxg4+ 48. Kf1
Qxe4 49. fxe4 Rxb8 50. Nc4 Kf6 51. Qh6+ Rg6 52. Qxg6+ 1-0

[Event "Aimchess Rapid Div 1 W"]
[Site "chess.com INT"]
[Date "2023.07.10"]
[Round "1.3"]
[White "Fedoseev, Vladimir3"]
[Black "Aronian, Levon"]
[Result "1/2-1/2"]
[WhiteTitle "GM"]
[BlackTitle "GM"]
[WhiteElo "2676"]
[BlackElo "2742"]
[WhiteFideId "24130737"]
[BlackFideId "13300474"]
[EventDate "2023.07.10"]
[EventType "k.o."]

1. e4 e5 2. Nf3 Nc6 3. Bb5 Nf6 4. d3 Bc5 5. c3 O-O 6. O-O Re8 7. Nbd2 d5 8. exd5
a6 9. Bxc6 bxc6 10. d4 exd4 11. cxd4 Bb6 12. dxc6 Qd5 13. Qb3 Qxc6 14. Ne5 Qd5
15. Qxd5 Nxd5 16. Ndf3 a5 17. Bd2 Ba6 18. Rfe1 f6 19. Nd7 Rxe1+ 20. Rxe1 a4 21.
Nc5 Bc4 22. a3 Kf7 23. Rc1 Be2 24. Ne1 Bb5 25. Nc2 Rd8 26. g3 g5 27. Ne3 h5 28.
Nf5 Kg6 29. Ne3 Kf7 30. Kg2 h4 31. Nb7 Rd7 32. Nc5 Rd8 33. Nxd5 Rxd5 34. Be3
Bxc5 35. dxc5 Bc6 36. gxh4 Rd4+ 37. f3 Rxh4 38. Kg3 Rh8 39. Rd1 Rb8 40. Bd4 Rd8
41. f4 Kg6 42. fxg5 fxg5 43. Rd2 Bb5 44. Kf3 Kf5 45. Ke3 Re8+ 46. Kf2 Rd8 47.
Kf3 g4+ 48. Kg3 Ke4 49. Bc3 Rxd2 50. Bxd2 Kf5 51. c6 Bxc6 52. Bf4 Bd5 53. Bxc7
Be6 54. Kf2 Ke4 55. Ke2 Bc4+ 56. Kd2 Bb3 57. Kc3 Kf3 58. Bg3 Kg2 59. Bc7 Kh3 60.
Bg3 Kg2 61. Bc7 Kf3 62. Bg3 Kg2 1/2-1/2

[Event "Aimchess Rapid Div 1 W"]
[Site "chess.com INT"]
[Date "2023.07.10"]
[Round "1.4"]
[White "Aronian, Levon"]
[Black "Fedoseev, Vladimir3"]
[Result "1/2-1/2"]
[WhiteTitle "GM"]
[BlackTitle "GM"]
[WhiteElo "2742"]
[BlackElo "2676"]
[WhiteFideId "13300474"]
[BlackFideId "24130737"]
[EventDate "2023.07.10"]
[EventType "k.o."]

1. e4 c5 2. c3 Qa5 3. Nf3 Nc6 4. Be2 Nf6 5. d3 d5 6. Nbd2 e5 7. exd5 Nxd5 8. O-O
Bf5 9. Nh4 Be6 10. Bg4 Bxg4 11. Qxg4 Qc7 12. Ne4 g6 13. c4 f5 14. Nxf5 gxf5 15.
Qh5+ Qf7 16. Qxf7+ Kxf7 17. cxd5 Nb4 18. Ng5+ Kg6 19. f4 Nxd3 20. Rf3 c4 21.
fxe5 Rd8 22. Rxd3 Bc5+ 23. Be3 cxd3 24. Bxc5 Rxd5 25. Be3 Rc8 26. Rd1 Rc2 27.
Ne6 Rxe5 28. Nf4+ Kf7 29. Rxd3 Rxb2 30. a3 b5 31. h3 a5 32. Bd4 Rb1+ 33. Kh2 Re4
34. Nd5 b4 35. axb4 axb4 36. Bc5 Ke6 37. Bxb4 Rb2 38. Bd2 Rc2 39. Nf4+ Ke5 40.
Kg3 Rxd2 1/2-1/2

[Event "Aimchess Rapid Div 1 W"]
[Site "chess.com INT"]
[Date "2023.07.10"]
[Round "1.1"]
[White "Caruana, Fabiano"]
[Black "Iturrizaga Bonelli, Eduardo"]
[Result "1/2-1/2"]
[WhiteTitle "GM"]
[BlackTitle "GM"]
[WhiteElo "2782"]
[BlackElo "2617"]
[WhiteFideId "2020009"]
[BlackFideId "3901211"]
[EventDate "2023.07.10"]
[EventType "k.o."]

1. e4 c6 2. d4 d5 3. exd5 cxd5 4. Nf3 Nc6 5. c3 Qc7 6. Qb3 Nf6 7. Bg5 Be6 8.
Nbd2 g6 9. Bd3 h6 10. Bxf6 exf6 11. O-O Bg7 12. Rfe1 Qd7 13. Bxg6 fxg6 14. Rxe6+
Qxe6 15. Re1 Ne5 16. dxe5 fxe5 17. Nxe5 O-O 18. Ndf3 Rae8 19. Nd3 Qf7 20. Rd1
Re2 21. h3 Kh7 22. Kf1 Ree8 23. Kg1 Re2 24. Kf1 Ree8 25. Kg1 Re2 1/2-1/2

[Event "Aimchess Rapid Div 1 W"]
[Site "chess.com INT"]
[Date "2023.07.10"]
[Round "1.2"]
[White "Iturrizaga Bonelli, Eduardo"]
[Black "Caruana, Fabiano"]
[Result "0-1"]
[WhiteTitle "GM"]
[BlackTitle "GM"]
[WhiteElo "2617"]
[BlackElo "2782"]
[WhiteFideId "3901211"]
[BlackFideId "2020009"]
[EventDate "2023.07.10"]
[EventType "k.o."]

1. d4 Nf6 2. Nf3 e6 3. c4 d5 4. g3 dxc4 5. Bg2 a6 6. Ne5 Bb4+ 7. Nc3 Nd5 8. O-O
Nxc3 9. bxc3 Bxc3 10. Rb1 Qxd4 11. Qa4+ b5 12. Qa3 Qxe5 13. Bf4 Qf6 14. Bxc7 b4
15. Rxb4 Bxb4 16. Qxb4 a5 17. Qxc4 Ra6 18. Bxb8 O-O 19. Rc1 Rb6 20. Bc7 Ba6 21.
Qc5 Rb5 22. Qa7 Qb2 23. Bf4 Bb7 24. a4 Rb4 25. Bxb7 Rxf4 26. Rc7 Qd4 0-1

[Event "Aimchess Rapid Div 1 W"]
[Site "chess.com INT"]
[Date "2023.07.10"]
[Round "1.3"]
[White "Caruana, Fabiano"]
[Black "Iturrizaga Bonelli, Eduardo"]
[Result "1-0"]
[WhiteTitle "GM"]
[BlackTitle "GM"]
[WhiteElo "2782"]
[BlackElo "2617"]
[WhiteFideId "2020009"]
[BlackFideId "3901211"]
[EventDate "2023.07.10"]
[EventType "k.o."]

1. e4 c6 2. d4 d5 3. exd5 cxd5 4. Bd3 Nc6 5. c3 Qc7 6. h3 Nf6 7. Nf3 g6 8. Qc2
Bg7 9. O-O O-O 10. Re1 Nd7 11. Bg5 e5 12. dxe5 Ndxe5 13. Nxe5 Nxe5 14. Nd2 Be6
15. Bf4 Nf3+ 16. Nxf3 Qxf4 17. Qc1 Qxc1 18. Raxc1 Rac8 19. a3 Rc6 20. Rcd1 Bf6
21. Bb1 b5 22. Ba2 Rd8 23. Re2 a5 24. Red2 Rcd6 25. g4 h6 26. Kg2 Kg7 27. Bb3 b4
28. cxb4 axb4 29. a4 d4 30. Bxe6 fxe6 31. Rd3 e5 32. Re1 Rd5 33. h4 g5 34. hxg5
hxg5 35. Nd2 Rc5 36. Ne4 Rc2 37. b3 Be7 38. Ng3 Rc3 39. Red1 Kf6 40. Kf3 Ke6 41.
Ke4 Rh8 42. Nh5 Rf8 43. Ng7+ Kf7 44. Nf5 Bf6 45. Rh1 Ke6 46. Rh7 Rfc8 47. Rb7
Rxd3 48. Kxd3 Rc3+ 49. Ke4 Rxb3 50. a5 Ra3 51. Rb6+ Kf7 52. Nd6+ Ke7 53. a6 b3
54. Nc4 Ra4 55. Rb7+ Ke6 56. a7 Bd8 57. Nb2 Ra2 58. Rb8 Rxa7 59. Rxd8 Ra2 60.
Nd3 Re2+ 61. Kf3 Rc2 62. Rb8 Kd5 63. Nb4+ Kc4 64. Nxc2 bxc2 65. Ke2 1-0

[Event "Aimchess Rapid Div 1 W"]
[Site "chess.com INT"]
[Date "2023.07.10"]
[Round "1.1"]
[White "Van Foreest, Jorden"]
[Black "Carlsen, Magnus"]
[Result "0-1"]
[WhiteTitle "GM"]
[BlackTitle "GM"]
[WhiteElo "2693"]
[BlackElo "2835"]
[WhiteFideId "1039784"]
[BlackFideId "1503014"]
[EventDate "2023.07.10"]
[EventType "k.o."]

1. e4 a6 2. d4 e6 3. Nf3 d5 4. Nc3 Bb4 5. e5 Bd7 6. Bd2 Bxc3 7. Bxc3 Bb5 8. h4
Ne7 9. h5 h6 10. a4 Bxf1 11. Kxf1 Nd7 12. Bb4 Rc8 13. Bxe7 Qxe7 14. c3 c5 15. g3
cxd4 16. cxd4 Nb8 17. Kg2 Nc6 18. Qd2 Qb4 19. Rhc1 Qxd2 20. Nxd2 Ke7 21. Nb3 Rc7
22. Rc3 Rhc8 23. Rac1 Kd8 24. Kf1 b6 25. Ke2 Ne7 26. Kd3 Rxc3+ 27. bxc3 Nc6 28.
f4 Ke7 29. Rb1 Rb8 30. g4 b5 31. axb5 axb5 32. Nc5 Rb6 33. g5 b4 34. Kc2 Rb5 35.
Nd3 bxc3 36. Ra1 Nxd4+ 37. Kxc3 Nc6 38. Ra6 Kd7 39. Kd2 Ra5 40. Rxa5 Nxa5 41.
gxh6 gxh6 42. Nf2 Ke7 43. Ng4 Kf8 44. Nxh6 Kg7 45. Ng4 Nc6 46. Kd3 Ne7 47. Ke3
Nf5+ 48. Kd3 Ng3 49. Nf6 Kh6 50. Kd4 Nxh5 51. Ng4+ Kg6 52. Ke3 Ng3 53. Kf3 Ne4
54. Ne3 Nd2+ 55. Kg4 Nc4 56. Nc2 Kh6 57. Kh4 Kg6 58. Kg4 Nb2 59. Nd4 Nd3 60. Nc6
Nf2+ 61. Kf3 Ne4 62. Kg4 Nc5 63. Ne7+ Kg7 64. Nc6 Kg6 65. Ne7+ Kh6 66. Nc6 Nb3
67. f5 Nc5 68. Nd4 Kg7 69. Kg5 Kf8 70. Kg4 Ke7 71. Kg5 Nd3 72. Nc6+ Kd7 73. Nb8+
Kc8 74. Nc6 Kd7 75. Nb8+ Kc7 76. fxe6 fxe6 77. Na6+ Kb6 78. Kf6 Nf4 79. Nb4 d4
80. Kg5 d3 81. Na2 Nd5 0-1

[Event "Aimchess Rapid Div 1 W"]
[Site "chess.com INT"]
[Date "2023.07.10"]
[Round "1.2"]
[White "Carlsen, Magnus"]
[Black "Van Foreest, Jorden"]
[Result "1-0"]
[WhiteTitle "GM"]
[BlackTitle "GM"]
[WhiteElo "2835"]
[BlackElo "2693"]
[WhiteFideId "1503014"]
[BlackFideId "1039784"]
[EventDate "2023.07.10"]
[EventType "k.o."]

1. e4 e5 2. Nf3 Nc6 3. Bb5 Nf6 4. O-O Nxe4 5. Re1 Nd6 6. Nxe5 Be7 7. Bf1 Nxe5 8.
Rxe5 O-O 9. d4 Bf6 10. Re1 Re8 11. Bf4 Rxe1 12. Qxe1 Ne8 13. c3 d5 14. Nd2 c6
15. a4 a5 16. Bd3 g6 17. Nf3 Ng7 18. Bh6 Be6 19. h3 Qd6 20. Qd2 Re8 21. Re1 Qd8
22. g4 Bc8 23. Rxe8+ Nxe8 24. Qf4 Qc7 25. Kg2 Qxf4 26. Bxf4 Be7 27. g5 Bd6 28.
Ne5 Kf8 29. h4 Ke7 30. h5 Ng7 31. h6 Ne6 32. Be3 Nf8 33. Kf3 Bf5 34. Bxf5 gxf5
35. Nd3 Ne6 36. b4 axb4 37. cxb4 f4 38. Bxf4 Bxf4 39. Nxf4 Nxg5+ 40. Kg4 Ne4 41.
Nd3 Nc3 42. a5 Nb5 43. Nc5 Nxd4 44. Nxb7 Nb5 45. a6 Ke6 46. Kf4 Na7 47. Nd8+ Ke7
48. Nxc6+ Nxc6 49. b5 Nd4 50. a7 Ne6+ 51. Kg3 1-0

[Event "Aimchess Rapid Div 1 W"]
[Site "chess.com INT"]
[Date "2023.07.10"]
[Round "1.3"]
[White "Van Foreest, Jorden"]
[Black "Carlsen, Magnus"]
[Result "1/2-1/2"]
[WhiteTitle "GM"]
[BlackTitle "GM"]
[WhiteElo "2693"]
[BlackElo "2835"]
[WhiteFideId "1039784"]
[BlackFideId "1503014"]
[EventDate "2023.07.10"]
[EventType "k.o."]

1. e4 a6 2. d4 c6 3. Nd2 d5 4. e5 c5 5. Ngf3 e6 6. c3 cxd4 7. cxd4 Bd7 8. h4 Bb5
9. h5 Nc6 10. a3 Qb6 11. Nb1 Nge7 12. Nc3 Nf5 13. Bxb5 axb5 14. Ne2 Qa5+ 15. Kf1
Be7 16. g3 Qa4 17. b3 Qa6 18. Kg2 Kd7 19. h6 Nxh6 20. Bxh6 gxh6 21. Rxh6 Rag8
22. Nf4 Bf8 23. Rh1 h6 24. Qd2 Be7 25. Nd3 h5 26. a4 bxa4 27. bxa4 h4 28. Rab1
hxg3 29. Rxh8 Rxh8 30. fxg3 Kc7 31. Qd1 Ra8 32. Qb3 Ra7 33. Ra1 Qc4 34. Qd1 Ra6
35. Nf2 Rb6 36. Rc1 Qa2 37. Qd3 Rb2 38. Rf1 Qxa4 39. Qh7 Nd8 40. g4 Qc2 41. Qh6
Kd7 42. Qf4 Qe4 43. Kg3 Qe2 44. Kg2 Qe4 45. Kg3 Qe2 46. Kg2 Qe4 1/2-1/2

[Event "Aimchess Rapid Div 1 W"]
[Site "chess.com INT"]
[Date "2023.07.11"]
[Round "2.1"]
[White "Abdusattorov, Nodirbek"]
[Black "Aronian, Levon"]
[Result "1-0"]
[WhiteTitle "GM"]
[BlackTitle "GM"]
[WhiteElo "2725"]
[BlackElo "2742"]
[WhiteFideId "14204118"]
[BlackFideId "13300474"]
[EventDate "2023.07.10"]
[EventType "k.o."]

1. e4 e5 2. Nf3 Nc6 3. Nc3 Nf6 4. Bc4 Nxe4 5. O-O Nxc3 6. dxc3 h6 7. Qd5 Qf6 8.
Re1 d6 9. Bb5 Bd7 10. Nd4 Nd8 11. f4 c6 12. fxe5 Qe7 13. e6 Nxe6 14. Bxc6 bxc6
15. Nxc6 Qh4 16. Re4 Qf6 17. Be3 Be7 18. Rf1 Qg6 19. Nxe7 Kxe7 20. Rd1 Kf8 21.
Qxa8+ 1-0

[Event "Aimchess Rapid Div 1 W"]
[Site "chess.com INT"]
[Date "2023.07.11"]
[Round "2.1"]
[White "Caruana, Fabiano"]
[Black "Carlsen, Magnus"]
[Result "0-1"]
[WhiteTitle "GM"]
[BlackTitle "GM"]
[WhiteElo "2782"]
[BlackElo "2835"]
[WhiteFideId "2020009"]
[BlackFideId "1503014"]
[EventDate "2023.07.10"]
[EventType "k.o."]

1. e4 c5 2. Nf3 e6 3. d4 cxd4 4. Nxd4 Nc6 5. Nc3 Qc7 6. Be3 a6 7. g4 h6 8. h4 b5
9. Nxc6 Qxc6 10. Qd2 b4 11. Ne2 Qxe4 12. Rg1 Qc4 13. Nf4 Qc7 14. O-O-O Nf6 15.
Bg2 Bb7 16. Bxb7 Qxb7 17. f3 Rc8 18. g5 hxg5 19. hxg5 Ng8 20. Bd4 Qc6 21. Kb1
Rh4 22. b3 Ne7 23. Bb2 Nf5 24. Nd3 Bd6 25. Ne5 Bxe5 26. Bxe5 d6 27. Bb2 Qxf3 28.
g6 f6 29. Rge1 Kd7 30. Re2 Re4 31. Rh2 d5 32. a3 bxa3 33. Ba1 Ne3 34. Rc1 Nxc2
35. Rxc2 Qxb3+ 36. Kc1 Rxc2+ 0-1

[Event "Aimchess Rapid Div 1 W"]
[Site "chess.com INT"]
[Date "2023.07.11"]
[Round "2.2"]
[White "Aronian, Levon"]
[Black "Abdusattorov, Nodirbek"]
[Result "1/2-1/2"]
[WhiteTitle "GM"]
[BlackTitle "GM"]
[WhiteElo "2742"]
[BlackElo "2725"]
[WhiteFideId "13300474"]
[BlackFideId "14204118"]
[EventDate "2023.07.10"]
[EventType "k.o."]

1. e4 e5 2. Nf3 Nf6 3. d4 Nxe4 4. Bd3 d5 5. Nxe5 Bd6 6. O-O O-O 7. c4 c5 8. cxd5
Nf6 9. Bg5 cxd4 10. Re1 h6 11. Bh4 Be7 12. Bc2 d3 13. Qxd3 Qxd5 14. Nc3 Qxd3 15.
Bxd3 Bb4 16. Bc4 Nc6 17. Nxc6 bxc6 18. Bxf6 gxf6 19. Re3 Rd8 20. Rae1 Bf5 21.
Rf3 Bg6 22. Rxf6 Kg7 23. Rxc6 Rd2 24. a3 Bxc3 25. bxc3 Rb8 26. Ra6 Rc8 27. Bf1
Rxc3 28. Rxa7 Ra2 29. a4 Rcc2 30. a5 Rxf2 31. Rd7 Bf5 32. Rdd1 Rf4 33. Ra1 Rfa4
34. Rxa2 Rxa2 35. Re5 Kf6 36. Rc5 Be4 37. g4 Kg6 38. h3 f5 39. gxf5+ Bxf5 40. h4
Be4 41. a6 Kf6 42. Rc7 Ke5 43. a7 Kf4 44. Rg7 Ra1 45. Kf2 Ra2+ 46. Be2 Bd5 47.
Re7 Be4 48. Rf7+ Ke5 49. Rd7 Kf4 50. Re7 Bd5 51. Ke1 Be4 52. Bc4 Ra3 53. Kd2 Bh1
54. Kc2 Kg4 55. Kb2 Ra5 56. Kc3 Kxh4 57. Kb4 Ra1 58. Bb5 h5 59. Kc5 Kg5 60. Kb6
h4 61. Rg7+ Kf4 62. Rf7+ Kg5 63. Rf1 Rxf1 64. Bxf1 Kf4 65. Bh3 Kg3 66. Bc8 h3
67. Bxh3 Kxh3 68. Kc7 Kg4 69. Kb8 Kf5 70. a8=Q Bxa8 1/2-1/2

[Event "Aimchess Rapid Div 1 W"]
[Site "chess.com INT"]
[Date "2023.07.11"]
[Round "2.2"]
[White "Carlsen, Magnus"]
[Black "Caruana, Fabiano"]
[Result "1/2-1/2"]
[WhiteTitle "GM"]
[BlackTitle "GM"]
[WhiteElo "2835"]
[BlackElo "2782"]
[WhiteFideId "1503014"]
[BlackFideId "2020009"]
[EventDate "2023.07.10"]
[EventType "k.o."]

1. c4 e5 2. Nc3 d6 3. d4 exd4 4. Qxd4 Nc6 5. Qd2 g6 6. b3 Bg7 7. Bb2 Nf6 8. g3
O-O 9. Bg2 Re8 10. Nh3 Ne5 11. O-O a5 12. Nf4 a4 13. Rad1 axb3 14. axb3 Bf5 15.
h3 h5 16. Kh2 Ra6 17. Nfd5 Nxd5 18. Nxd5 c6 19. Nb4 Rb6 20. Bd4 Nxc4 21. bxc4
Bxd4 22. Nxc6 bxc6 23. Qxd4 c5 24. Qd2 Qf6 25. Bf3 h4 26. g4 Be4 27. Kg2 Bxf3+
28. exf3 Rb3 29. f4 Re4 30. Qxd6 Qc3 31. Qd8+ Kg7 32. Qxh4 Qf3+ 33. Kg1 Rxf4 34.
Rd8 Qxh3 35. Qxh3 Rxh3 36. Kg2 Ra3 37. f3 Rxc4 38. g5 Rc2+ 39. Kg3 Raa2 40. Re1
Rg2+ 41. Kf4 Ra4+ 42. Re4 Rxe4+ 43. fxe4 c4 44. Rc8 Rc2 45. Ke3 f5 46. exf5 gxf5
47. Rc6 c3 48. Kf4 Rf2+ 49. Kg3 Rc2 50. Kf4 Rf2+ 51. Kg3 Rc2 52. Kf4 1/2-1/2

[Event "Aimchess Rapid Div 1 W"]
[Site "chess.com INT"]
[Date "2023.07.11"]
[Round "2.3"]
[White "Abdusattorov, Nodirbek"]
[Black "Aronian, Levon"]
[Result "1-0"]
[WhiteTitle "GM"]
[BlackTitle "GM"]
[WhiteElo "2725"]
[BlackElo "2742"]
[WhiteFideId "14204118"]
[BlackFideId "13300474"]
[EventDate "2023.07.10"]
[EventType "k.o."]

1. e4 c5 2. Nf3 d6 3. d4 cxd4 4. Qxd4 Nc6 5. Qe3 Nf6 6. Be2 g6 7. O-O Bg7 8. h3
O-O 9. Rd1 Nd7 10. Nc3 b6 11. Nd5 Bb7 12. c4 a6 13. Rb1 e6 14. Nc3 Qc7 15. b3
Rfd8 16. Ba3 Bf8 17. Rd2 Nde5 18. Rbd1 Rab8 19. Bb2 Ba8 20. Nh2 Na7 21. f4 Nd7
22. Ba3 Nf6 23. Bb2 Be7 24. f5 d5 25. Kh1 exf5 26. e5 Ne4 27. Nxe4 dxe4 28. e6
fxe6 29. Ng4 fxg4 30. Bxg4 e5 31. Rd7 Rxd7 32. Rxd7 Qc5 33. Be6+ 1-0